|
|
|
|
| LEADER |
00000nam0a2200000 4500 |
| 001 |
9847 |
| 005 |
20231030182639.0 |
| 010 |
|
|
|a 5861340579
|
| 035 |
|
|
|a (RuTPU)RU\TPU\book\9902
|
| 035 |
|
|
|a BOOK00009964
|
| 090 |
|
|
|a 9847
|
| 100 |
|
|
|a 20011209d1998 k y0rusy50 ca
|
| 101 |
0 |
|
|a rus
|
| 102 |
|
|
|a RU
|
| 105 |
|
|
|a y z 000zy
|
| 200 |
1 |
|
|a Поляризационная модель неоднородного физического вакуума
|f В. Л. Дятлов
|
| 210 |
|
|
|a Новосибирск
|d 1998
|
| 215 |
|
|
|a 184 с.
|
| 225 |
1 |
|
|a Проблемы неоднородного физического вакуума
|
| 610 |
1 |
|
|a физический вакуум
|
| 610 |
1 |
|
|a модели
|
| 610 |
1 |
|
|a уравнения
|
| 610 |
1 |
|
|a сплошные среды
|
| 610 |
1 |
|
|a механика
|
| 610 |
1 |
|
|a НЛО
|
| 610 |
1 |
|
|a шаровые молнии
|
| 610 |
1 |
|
|a торнадо
|
| 610 |
1 |
|
|a полтергейст
|
| 675 |
|
|
|a 533.5
|v 3
|
| 675 |
|
|
|a 551.515
|v 3
|
| 700 |
|
1 |
|a Дятлов
|b В. Л.
|g Вячеслав Лукич
|
| 801 |
|
0 |
|a RU
|b 63413507
|c 20011209
|g PSBO
|
| 801 |
|
2 |
|a RU
|b 63413507
|c 20021004
|g PSBO
|
| 942 |
|
|
|c BK
|